History Quiz

Random History or Biography Quiz

Profile: Barack Obama Quiz Stats

 Plays Quiz Updated Aug 5, 2018

Challenge
Share
Tweet
Embed
Score 0/28 Timer 06:00
11 Plays Today
Hint % Correct
State of birthHawai'i
96%
PredecessorGeorge W. Bush
92.6%
SuccessorDonald J. Trump
90.8%
SpouseMichelle Robinson
90.5%
Left or right handed?Left Handed
89.6%
President number44
89.6%
Political partyDemocrat
88.4%
Middle nameHussein
86.2%
Vice PresidentJoe Biden
85.4%
Republican presidential opponentsJohn McCain and Mitt Romney
85.4%
Graduate universityHarvard University
85.1%
Favorite sportBasketball
83.1%
First year elected president2008
82.5%
Served as senator for this stateIllinois
79.6%
Hint % Correct
Year elected senator2004
77.2%
Presidential library locationJackson Park, Chicago, IL
72.5%
Older daughter's nameMalia Ann
71.4%
Younger daughter's nameNatasha 'Sasha'
69.9%
'Audacity of Hope' published in...2006
65.6%
Childhood nicknameBarry
57.5%
'Dreams From My Father' published in...1995
48.5%
Undergraduate universityOccidental College and Columbia University
46%
BirthdateAugust 4, 1961
39.1%
FatherBarack Obama Sr.
21.3%
MotherStanley Ann Dunham
18.2%
Number of popular votes in 2008 (to nearest million)69,498,516
11.3%
Sisters (Name One)Maya Soetoro-Ng and Auma Obama
7.4%
First to raise the threat of this on the Senate FloorAvian Flu
2.3%

You're not logged in!

Compare scores with friends on all Sporcle quizzes.
Join for Free
OR
Log In

You Might Also Like...

Show Comments

Extras

Top Quizzes Today


Score Distribution

Your Account Isn't Verified!

In order to create a playlist on Sporcle, you need to verify the email address you used during registration. Go to your Sporcle Settings to finish the process.

Report this User

Report this user for behavior that violates our Community Guidelines.

Details: